Statistics for Taylor Swift - Debut (Tracklist)

Click here to take the quiz!

General Stats

  • This quiz has been taken 41 times
    (17 since last reset)
  • The average score is 12 of 14

Answer Stats

Answer% Correct
Tim McGraw
100%
Cold As You
91%
I'm Only Me When I'm With You
91%
Mary's Song (Oh My My My)
91%
Our Song
91%
Picture To Burn
91%
Should've Said No
91%
Teardrops On My Guitar
91%
A Perfectly Good Heart
82%
Invisible
82%
Tied Together With A Smile
82%
A Place In This World
73%
Stay Beautiful
73%
The Outside
64%

Score Distribution

Percentile by Number Answered

Percent of People with Each Score

Your Score History

You have not taken this quiz since the last reset